000 00614nam a2200157Ia 4500
008 151213s9999 xx 000 0 und d
100 _aগফ. ঙসধৎ ঈযড়ফিযঁৎু.
245 _aঊঃযরপং ওহ ইধহশরহম
_cগফ. ঙসধৎ ঈযড়ফিযঁৎু.
250 _a১ংঃ
260 _aউযধশধ
_bঘধঃরড়হধষ ঈৎধফরঃ ্ ঈড়সসবৎপব.
_c2004
300 _a3477 p.
650 _aBangla
650 _aঋরহধহপব
700 _aগফ. ঙসধৎ ঈযড়ফিযঁৎু.
999 _c2300
_d2300